| 000 | 01972cam a2200301 4500 | ||
|---|---|---|---|
| 001 | ABS67059 | ||
| 008 | 031001n2003 000 0 eng u | ||
| 035 | _a(Sirsi) u123799 | ||
| 245 |
_aRyde International plc v London Regional Transport _h[electronic resource] |
||
| 260 | _c2003 | ||
| 490 |
_aRating and Valuation Reporter _v[2003] RVR 273-276(4) |
||
| 520 | _aACQ/147/2000, 28 May 2003. In an interim ruling on 4 December 2002 (Abs66420) the LT deferred for further consideration as an item for disturbance, a claim under the Land Compensation Act 1961 s5-rule 6 for loss of profits which the claimants (R) contended they would have made for the acquisition by obtaining vacant possession, refurbishing and selling flats and bungalows on the land individually. After considering written submissions the LT rejected the claim because compensation for land acquired from a developer could not include prospective loss of profits from the development of the land. Acquiring authority was ordered to pay R's costs with the exception of those associated with the preliminary hearing (Abs63843). | ||
| 590 | _aABS | ||
| 650 | _aRYDE INTERNATIONAL PLC V LONDON REGIONAL TRANSPORT | ||
| 650 | _aSHELTERED HOUSING | ||
| 650 | _aREFURBISHMENT COSTS | ||
| 650 | _aREPAIR COSTS | ||
| 650 | _aMANAGEMENT COSTS | ||
| 650 | _aOPEN MARKET VALUE | ||
| 650 | _aBLIGHT | ||
| 650 | _aLOSS OF PROFITS | ||
| 650 | _aCOSTS | ||
| 650 | _aLAND COMPENSATION ACT 1961 S5-RULE-2 | ||
| 650 | _aLAND COMPENSATION ACT 1961 S5-RULE-6 | ||
| 690 | _aENVIRONMENTAL AND LAND CONSULTANCY-PLANNING AND DEVELOPMENT-COMPULSORY PURCHASE AND COMPENSATION | ||
| 856 |
_uhttps://www.bailii.org/cgi-bin/markup.cgi?doc=/ew/cases/EWLands/2003/ACQ_147_2000.html&query=title+(+Ryde+)+and+title+(+International+)+and+title+(+plc+)+and+title+(+v+)+and+title+(+London+)+and+title+(+Regional+)+and+title+(+Transport+)&method=boolean _zView this item free of charge at www.bailii.org |
||
| 942 | _n0 | ||
| 999 |
_c73518 _d73518 |
||